000 00332nam a2200133Ia 4500
008 240624s9999 xx 000 0 und d
041 _aeng
082 _a658.8 JAR
100 _aJARBOE GREG
245 _aYOUTUBE AND VIDEO MARKETING AN HOUR A DA
260 _c2010
_aNew Delhi
_bWiley India
300 _a474 : p.
365 _cRS
_b27
999 _c15548
_d15548